Le culte catholique dans ses cérémonies et ses symboles d'après l'enseignement traditionnel de l'Église

Detalles Bibliográficos
Autor principal: Durand, A.
Formato: Libro
Lenguaje:French
Publicado: Paris 1868
Materias:
Colección:Banco de datos
Acervo:Biblioteca de la Congregación del Oratorio de San Felipe Neri de México. Iglesia La Profesa
Descripción Física:X, 662 p. 23 cm.
Tema general:Liturgia
Notas:Encuadernación en cartón con lomo en piel. Sello en tinta del Oratorio de San Felipe Neri de México. Biblioteca La Profesa, D.F.
LEADER 00890nam a22001810004500
035 |a 1022 
041 0 |a fre 
100 1 |a Durand, A. 
245 1 0 |a Le culte catholique dans ses cérémonies et ses symboles d'après l'enseignement traditionnel de l'Église  |c par l'abbé A. Durand curé de Gières, Diocèse de Grenoble. Ouvrage approuvé et recommandé par plusieurs évêques 
260 |a Paris  |b Maison Méquignon junior ; Jouby et Roger, libraires-éditeurs  |c 1868 
300 |a X, 662 p.  |c 23 cm. 
500 |a Encuadernación en cartón con lomo en piel. Sello en tinta del Oratorio de San Felipe Neri de México. Biblioteca La Profesa, D.F. 
504 |a Índice de materias 
650 1 0 |a Liturgia 
949 |a Iglesia La Profesa, Biblioteca 1359 
942 |c PROFESA 
943 |g Biblioteca de la Congregación del Oratorio de San Felipe Neri de México. Iglesia La Profesa 
999 |c 947833  |d 947833